000 00590nam a2200193Ia 4500
005 20250508164910.0
008 008 250505s9999 xx 000 0 hin d
037 _aDissertations
040 _aFEDL
_beng
_cFEDL
041 _ahin
_2eng
084 _a370.7, TOM/DI
_qFEDL
100 _aTomar Sandeep Kumar
_9779234
245 0 _aPrathmik shiksha ke uddeshyo ke paripresh me addhyapak-shiksha karyakram ka mulyankan
260 _c2001
300 _a90p.
546 _aM. Ed. Dissertation (Delhi University)
942 _cDIS
_h370.7, TOM/DI
999 _c1391884
_d1391884